Normal view
MARC view
Entry Personal Name
001 - CONTROL NUMBER
- control field: 42754
003 - CONTROL NUMBER IDENTIFIER
- control field: ARRUPE
005 - DATE AND TIME OF LATEST TRANSACTION
- control field: 20181005113848.0
008 - FIXED-LENGTH DATA ELEMENTS
- fixed length control field: 181005|| aca||aabn | a|a d
040 ## - CATALOGING SOURCE
- Original cataloging agency: ARRUPE
- Transcribing agency: ARRUPE
100 ## - HEADING--PERSONAL NAME
- Personal name: Wu Tim
670 ## - SOURCE DATA FOUND
- Source citation: Work cat.: (ARRUPE): Wu Tim, The attention merchants:, 2017.